Los requerimientos de docentes de educación general básica para 1996

Saved in:
Bibliografiske detaljer
Main Authors: Bordoli Vergara, Hugo (Author), Velasco Yañez, Luis (Author), Zarate Barrera, Gilberto (Author)
Format: Bog
Sprog:spansk
Udgivet: Santiago Universidad Internacional Sek 1990
Fag:
Tags: Tilføj Tag
Ingen Tags, Vær først til at tagge denne postø!

MARC

LEADER 00000nam a2200000 a 4500
001 UCY0788
003 CL-VaPUC
008 940812e19900000CL |||||||||||||||||spa|d
082 0 4 |a 370.7122  |b BOR  |2 21 
100 0 |a Bordoli Vergara, Hugo  |e author  |9 328618 
700 0 |a Velasco Yañez, Luis  |e author  |9 328619 
700 0 |a Zarate Barrera, Gilberto  |e author  |9 328620 
245 1 4 |a Los requerimientos de docentes de educación general básica para 1996 
300 |a 11 p 
942 |c BK 
945 |d 19940812 00:00:00  |a rbrito 
260 |a Santiago  |b Universidad Internacional Sek  |c 1990 
650 7 |a PROFESORES DE EDUCACION BASICA  |2 CL-VaPUC  |9 328621 
651 7 |a CHILE  |2 CL-VaPUC  |9 328622 
583 |a last modification  |c 19940812 00:00:00  |k Rodrigo Vera 
999 |c 229704  |d 229702 
952 |0 0  |1 0  |4 0  |6 370_712200000000000_BOR_1990  |7 0  |8 A  |9 231181  |a BIBEDU  |b BIBEDU  |d 2019-11-15  |i 3001490  |o 370.7122 BOR 1990  |p 3001490  |r 2019-11-15  |w 2019-11-15  |y BK  |k EDU